000 00815cam a22002654a 4500
001 ocm61480806
003 TZ-ArACH
005 20260415103719.0
008 260415s2005 ne b 001 0 eng c
020 _a9788502148192
040 _aEQO
_beng
_cTZ-ArACH
042 _apcc
049 _aTZAA
050 0 0 _aKJE2768
_b.A43 2012
100 1 _aAmaral, José Levi Mello do Júnior
245 1 0 _aMedida Provisória:
_cJosé Levi Mello do Amaral Júnior
_bedição e Conversão em Lei - Série EDB /
260 _aSao Paolo (Brazil):
_bEditora Saraiva ;
_c2012.
300 _a263 pages ;
490 1 _aInternational arbitration law library ;
_v13
504 _aIncludes bibliographical references
505 0 _a.
650 0 _aProvisional measures
_zBrazil
650 7 _aConversion law
942 _2lcc
_cBOOK
999 _c7850
_d7850